Loading...
| Literature - American | 0 | 6 | 1 | 2 | 55 | 51 | 72.17 | 1 | 2 | 20.95 | 31.71 |
| Literature - British | 0 | 5 | 0 | 1 | 50 | 21 | 42.80 | 2 | 4 | 28.42 | 35.61 |
| Mythology | 0 | 5 | 1 | 2 | 45 | 26 | 80.60 | 1 | 2 | 12.92 | 21.07 |
| Fine Arts - Classical Music | 0 | 5 | 1 | 1 | 45 | 62 | 87.00 | 1 | 3 | 13.16 | 26.94 |
| Fine Arts - Other | 0 | 3 | 0 | 1 | 30 | 58 | 84.67 | 1 | 1 | 5.21 | 13.91 |
| Literature - World | 0 | 3 | 0 | 1 | 30 | 63 | 83.00 | 0 | 1 | 7.76 | 13.39 |
| Literature - European | 0 | 3 | 0 | 0 | 30 | 42 | 55.67 | 1 | 2 | 14.39 | 20.87 |
| Science - Other | 0 | 2 | 0 | 0 | 20 | 40 | 49.00 | 0 | 2 | 9.72 | 15.54 |
| Philosophy | 0 | 2 | 0 | 0 | 20 | 38 | 42.50 | 0 | 1 | 14.70 | 17.61 |
| Current Events | 0 | 1 | 0 | 0 | 10 | 19 | 19.00 | 1 | 1 | 16.48 | 20.00 |
| Fine Arts - Painting and Sculpture | 0 | 1 | 0 | 0 | 10 | 60 | 60.00 | 0 | 0 | 4.26 | 5.79 |
| Geography | 0 | 1 | 0 | 0 | 10 | 46 | 46.00 | 0 | 1 | 9.43 | 15.15 |
| History - American | 0 | 1 | 0 | 0 | 10 | 56 | 56.00 | 0 | 0 | 4.20 | 4.96 |
| Popular Culture | 0 | 1 | 0 | 0 | 10 | 65 | 65.00 | 0 | 0 | 7.16 | 3.33 |
| Religion | 0 | 1 | 0 | 0 | 10 | 58 | 58.00 | 0 | 0 | 4.25 | 3.31 |
| Science - Chemistry | 0 | 1 | 0 | 0 | 10 | 31 | 31.00 | 1 | 1 | 6.38 | 9.09 |
| Science - Physics | 0 | 1 | 1 | 0 | 5 | 69 | 69.00 | 0 | 0 | 3.39 | 4.55 |
| Science - Biology | 0 | 1 | 1 | 0 | 5 | 62 | 62.00 | 0 | 1 | 3.97 | 8.33 |
| History - European | 0 | 0 | 1 | 0 | -5 | 0.00 | 0 | 0 | 0.00 | 0.00 |